Jeux Olympiques 1896 - Pays participants - Statistiques

Statistiques générales
  • Ce quiz a été pris 53 fois
  • Le résultat moyen est 12 sur 14
Réponses sur la Carte
Les réponses sont colorées sur une échelle allant du rouge au vert en fonction du pourcentage des utilisateurs qui les ont devinées à leur premier essai. Vous pouvez retrouver ces pourcentages ci-dessous.
 
Statistiques - réponses
Nombre d'athlètes Réponse % Correct
14 Etats-Unis
100%
13 France
100%
10 Royaume-Uni
100%
19 Allemagne
98%
01 Australie
98%
01 Italie
96%
03 Suisse
94%
03 Autriche
92%
169 Grèce
88%
01 Suède
86%
07 Hongrie
74%
03 Danemark
68%
01 Bulgarie
62%
01 Chili
62%
Aucun quiz correspondant
Distribution des résultats
% des personnes avec chaque résultat
Percentile par nombre de réponses
Votre historique - résultats
Vous n’avez pas pris ce quiz